000 02032nam a2200241Ia 4500
003 Ost
005 20260507075457.0
008 260507s9999||||xx |||||||||||||| ||und||
040 _cfsecg
041 _aara
082 _a553
100 _aالتنير، سمير
_eمؤلف
245 0 _aالتطورات النفطية في الوطن العربي والعالم ماضيا وحاضرا :
_bج1 /
_c سمير التنير
260 _aبيروت:
_bدار المناهل اللبناني,
_c2007
300 _a236 صفحة؛
_bإيضاحات ؛
_c21 سم
504 _aبيبليوغرافيا ص.229 ملاحق ص. 231
520 _aالتطورات النفطية في ثمانينيات القرن العشرين 2 التطورات النفطية في تسعينات القرن العشرين التطورات النفطية من عام 2000 إلى 2006 الفصل الأول : إشكالية الطاقة بين البلدان الصناعية الغربية و البلدان النامية (في السبعينيات) ؛ تحليل التجارب التارخية للطاقة ، حاضر مشكلة الطاقة ، أسعار النفط والنمو الاقتصادي ، تحليل مستقبل الطاقة الفصل الثاني : خطة البلدان الصناعية الغربية،تعريف سياسات الطاقة أبعاد مشكلة الطاقة في البلدان الصناعية ، سياسات الطاقة في البلدان الصناعية الغربية ، الفصل الثالث : خطة البلدان المصدرة للنفط(أوبيك)، السمات الرئسية لصناعة النفط ، نشوء الأوبيك ، السياسة العامة للأوبيك ، توقعات استهلاك النفط في بلدان أوبيك 1980-2000 ، الاستراتجية المستقبلية لبلدان أوبيك
653 _aالأقليات
653 _aالبلدان الصناعية العربية
653 _aالطاقة
653 _aالنفط
942 _cكتاب
999 _c44677
_d44677